[Event "ESP-ch rapid"]
[Site "Linares"]
[Date "2019.08.24"]
[Round "1"]
[White "Vinas Racionero, Josep Claudi"]
[Black "Larino Nieto, David"]
[Result "0-1"]
[WhiteElo "1994"]
[BlackElo "2457"]
[PlyCount "56"]
[EventDate "2019.08.24"]
[EventType "swiss (rapid)"]
[EventRounds "9"]
[EventCountry "ESP"]
[SourceTitle "EXT 2020"]
[Source "ChessBase"]
[SourceDate "2019.10.17"]
[SourceVersion "1"]
[SourceVersionDate "2019.10.17"]
[SourceQuality "1"]

1. d4 e6 2. c4 b6 3. Nf3 Bb7 4. a3 h6 5. Nc3 d6 6. e4 Nd7 7. Be2 g5 8. e5 Bg7 9. exd6 cxd6 10. 0-0 Ne7 11. Be3 0-0 12. Qd2 d5 13. h3 dxc4 14. Rac1 Nf5 15. Rfd1 Rc8 16. Ne1 Nf6 17. Bf3 Nd5 18. Ne4 Nh4 19. Nxg5 hxg5 20. Bxg5 Nxf3+ 21. Nxf3 f6 22. Bh6 Qd7 23. Nh4 Bxh6 24. Qxh6 Qg7 25. Qh5 Nf4 26. Qb5 Nxg2 27. Kh2 Nxh4 28. Rg1 Nf3+ 0-1

[Event "Vilafranca del Penedes op 7th"]
[Site "Vilafranca del Penedes"]
[Date "2013.05.10"]
[Round "6"]
[White "Ritter Aguilar, Jordi"]
[Black "Vinas Racionero, Josep Claudi"]
[Result "1/2-1/2"]
[WhiteElo "1896"]
[BlackElo "2083"]
[PlyCount "104"]
[EventDate "2013.04.05"]
[EventType "swiss"]
[EventRounds "8"]
[EventCountry "ESP"]
[SourceTitle "EXT 2014"]
[Source "ChessBase"]
[SourceDate "2013.11.20"]
[SourceVersion "1"]
[SourceVersionDate "2013.11.20"]
[SourceQuality "1"]

1. e4 e5 2. Nf3 Nc6 3. Nc3 Nf6 4. d4 exd4 5. Nxd4 Nxe4 6. Nxc6 Nxc3 7. Nxd8 Nxd1 8. Nxf7 Nxf2 9. Nxh8 Nxh1 10. Be3 b6 11. 0-0-0 Bc5 12. Bxc5 bxc5 13. Re1+ Kf8 14. Bc4 Bb7 15. Rxh1 d5 16. Bb5 Kg8 17. Re1 a6 18. Bd7 Rd8 19. Bh3 Kxh8 20. Re7 Bc8 21. Rxc7 Bxh3 22. gxh3 g5 23. Rxc5 Rd6 24. Rc7 Rh6 25. Rc3 Rh4 26. Kd2 Kg7 27. Rf3 Kg6 28. c3 a5 29. b3 h5 30. Kd3 g4 31. hxg4 Rxg4 32. h3 Rg2 33. c4 dxc4+ 34. bxc4 Rxa2 35. Kd4 a4 36. c5 a3 37. c6 Rc2 38. Kd5 a2 39. Rf1 Kg5 40. Kd6 Kh4 41. c7 Kxh3 42. Rf3+ Kg2 43. Ra3 Rd2+ 44. Ke5 Re2+ 45. Kf5 Re8 46. Rxa2+ Kf3 47. Rc2 Rc8 48. Kg5 Ke4 49. Kf6 h4 50. Ke6 h3 51. Kd7 Rxc7+ 52. Kxc7 Kf3 1/2-1/2

[Event "Vilafranca del Penedes op 7th"]
[Site "Vilafranca del Penedes"]
[Date "2013.04.26"]
[Round "4"]
[White "Vinas Racionero, Josep Claudi"]
[Black "Perez Mitjans, Orelvis"]
[Result "0-1"]
[WhiteElo "2083"]
[BlackElo "2487"]
[PlyCount "93"]
[EventDate "2013.04.05"]
[EventType "swiss"]
[EventRounds "8"]
[EventCountry "ESP"]
[SourceTitle "EXT 2014"]
[Source "ChessBase"]
[SourceDate "2013.11.20"]
[SourceVersion "1"]
[SourceVersionDate "2013.11.20"]
[SourceQuality "1"]

1. e4 d5 2. exd5 Qxd5 3. Nc3 Qa5 4. d4 Nf6 5. Nf3 Bg4 6. h3 Bh5 7. g4 Bg6 8. Bc4 Nbd7 9. Bd2 Qb6 10. g5 Ne4 11. Nd5 Qc6 12. Ne5 Nxe5 13. Bb5 0-0-0 14. Bxc6 Nxc6 15. Nf4 Bf5 16. Be3 e5 17. Ne2 Be7 18. Ng3 Nxg3 19. fxg3 exd4 20. Bd2 Bc5 21. Qf3 Rhe8+ 22. Kf1 g6 23. Re1 Ne5 24. Qb3 Be6 25. Rxe5 Bxb3 26. Rxc5 b6 27. Rxc7+ Kxc7 28. axb3 d3 29. Rh2 Kb7 30. Bf4 dxc2 31. Rxc2 Re7 32. Rc3 Rc8 33. Bd2 Rxc3 34. Bxc3 Kc6 35. Kf2 a5 36. Kf3 Kb5 37. Kf2 a4 38. bxa4+ Kxa4 39. Kf3 b5 40. Bf6 Re6 41. Bg7 Kb3 42. h4 b4 43. g4 Ka2 44. h5 b3 45. h6 Re1 46. Kf4 Re2 47. Bd4 0-1

[Event "Castell de Tona op 2nd"]
[Site "Castell de Tona"]
[Date "2012.12.08"]
[Round "6"]
[White "Vinas Racionero, Josep Claudi"]
[Black "Herms Agullo, Jordi"]
[Result "0-1"]
[WhiteElo "2197"]
[BlackElo "2236"]
[PlyCount "57"]
[EventDate "2012.12.06"]
[EventType "swiss"]
[EventRounds "6"]
[EventCountry "ESP"]
[SourceTitle "EXT 2014"]
[Source "ChessBase"]
[SourceDate "2013.11.20"]
[SourceVersion "1"]
[SourceVersionDate "2013.11.20"]
[SourceQuality "1"]

1. e4 d5 2. exd5 Nf6 3. d4 Bg4 4. Be2 Bxe2 5. Qxe2 Qxd5 6. Nf3 Nc6 7. Nc3 Qf5 8. 0-0 0-0-0 9. Rd1 Rg8 10. a4 g5 11. Qb5 Nd5 12. Ra3 a6 13. Qe2 e6 14. Nxd5 exd5 15. Rc3 Bd6 16. Qd3 Qf6 17. Nd2 Nxd4 18. Nf1 Ne6 19. Qf3 Rg6 20. Ng3 Be5 21. Qxf6 Bxf6 22. Rf3 Rd7 23. Rf5 c6 24. b3 Ng7 25. Rf3 Rd8 26. c4 dxc4 27. Rxd8+ Bxd8 28. Ne4 cxb3 29. Bb2 0-1

[Event "Ampolla op 4th"]
[Site "Ampolla"]
[Date "2008.06.08"]
[Round "6.5"]
[White "Vinas Racionero, Josep Claudi"]
[Black "Perez Mitjans, Orelvis"]
[Result "0-1"]
[WhiteElo "2070"]
[BlackElo "2438"]
[PlyCount "34"]
[EventDate "2008.06.08"]
[EventType "swiss (rapid)"]
[EventRounds "8"]
[EventCountry "ESP"]
[SourceTitle "CBM 124 Extra"]
[Source "ChessBase"]
[SourceDate "2008.07.03"]
[SourceVersion "1"]
[SourceVersionDate "2008.07.03"]
[SourceQuality "1"]

1. d4 d5 2. c4 Nc6 3. e3 e5 4. cxd5 Qxd5 5. Nc3 Bb4 6. Nf3 Bg4 7. Be2 exd4 8. Nxd4 Qxg2 9. Bxg4 Qxh1+ 10. Ke2 Qxd1+ 11. Kxd1 Nxd4 12. exd4 Nf6 13. Bf3 0-0-0 14. Be3 Bc5 15. Nb5 a6 16. Rc1 Bb6 17. d5 Nxd5 0-1

[Event "Barcelona Sants op 09th"]
[Site "Barcelona"]
[Date "2007.08.24"]
[Round "1"]
[White "Shengelia, Davit"]
[Black "Vinas Racionero, Josep Claudi"]
[Result "1-0"]
[WhiteElo "2572"]
[BlackElo "2072"]
[PlyCount "65"]
[EventDate "2007.08.24"]
[EventType "swiss"]
[EventRounds "10"]
[EventCountry "ESP"]
[SourceTitle "CBM 120 Extra"]
[Source "ChessBase"]
[SourceDate "2007.11.01"]
[SourceVersion "1"]
[SourceVersionDate "2007.11.01"]
[SourceQuality "1"]

1. d4 f5 2. Nc3 Nf6 3. Bg5 d5 4. Bxf6 exf6 5. e3 Be6 6. Bd3 Nc6 7. a3 Qd7 8. Nge2 0-0-0 9. b4 g5 10. Na4 f4 11. Nc5 Bxc5 12. bxc5 fxe3 13. fxe3 Bg4 14. h3 Bxe2 15. Bxe2 Rde8 16. Qd3 h5 17. Rb1 Re4 18. 0-0 g4 19. Qb3 Nd8 20. Bd3 gxh3 21. Bxe4 dxe4 22. Rf2 h4 23. c6 Qg4 24. cxb7+ Kb8 25. Qd5 Qg3 26. Qf5 h2+ 27. Kh1 Ne6 28. Qxf6 Rg8 29. Qxe6 h3 30. Qxg8+ Qxg8 31. g3 a5 32. a4 Qg7 33. Kxh2 1-0

[Event "Catalunya-chT"]
[Site "Spain"]
[Date "2004.??.??"]
[Round "?"]
[White "Gonzalez Rodriguez, Raul Omar"]
[Black "Vinas Racionero, Josep Claudi"]
[Result "0-1"]
[WhiteElo "2180"]
[BlackElo "2114"]
[PlyCount "78"]
[EventDate "2004.??.??"]
[EventType "team"]
[EventRounds "9"]
[EventCountry "ESP"]
[SourceTitle "EXT 2007"]
[Source "ChessBase"]
[SourceDate "2006.11.23"]
[SourceVersion "1"]
[SourceVersionDate "2006.11.23"]
[SourceQuality "1"]

1. d4 Nf6 2. c4 c5 3. d5 b5 4. cxb5 a6 5. bxa6 g6 6. Nc3 Bxa6 7. e4 Bxf1 8. Kxf1 d6 9. g3 Bg7 10. Nge2 0-0 11. Rb1 Qc8 12. Kg2 Nbd7 13. h3 Ne5 14. b4 Nfd7 15. b5 c4 16. a4 Nc5 17. Be3 f5 18. exf5 Qxf5 19. Nd4 Qf7 20. Rf1 Ned3 21. Kg1 Bxd4 22. Bxd4 Qf5 23. Kh2 Ne4 24. Qe2 Ng5 25. f4 Qxh3+ 26. Kg1 Qxg3+ 27. Qg2 Nh3+ 28. Kh1 Qh4 29. Qh2 Rf5 30. b6 Rh5 31. Bg1 Nhf2+ 32. Kg2 Nxf4+ 33. Kf3 Qf6 34. Qxf4 Rh3+ 35. Ke2 Qxf4 36. Rxf2 Qe5+ 37. Kd1 Qd4+ 38. Rd2 Qxg1+ 39. Kc2 Rxc3+ 0-1

[Event "ESP Ronda op"]
[Site "Spain"]
[Date "1998.??.??"]
[Round "?"]
[White "Vinas Racionero, Josep Claudi"]
[Black "Lopez Batlle, Jose Antonio"]
[Result "1-0"]
[WhiteElo "2065"]
[BlackElo "2220"]
[PlyCount "61"]
[EventDate "1998.??.??"]
[EventType "swiss"]
[EventRounds "9"]
[EventCountry "ESP"]
[SourceTitle "EXT 2003"]
[Source "ChessBase"]
[SourceDate "2002.11.25"]
[SourceVersion "1"]
[SourceVersionDate "2002.11.25"]
[SourceQuality "1"]

1. d4 d5 2. c4 Nc6 3. Nf3 Bg4 4. e3 e5 5. Be2 Bxf3 6. Bxf3 e4 7. Bg4 dxc4 8. a3 Nf6 9. Nc3 Bd6 10. Bf5 0-0 11. Nxe4 Nxe4 12. Bxe4 Na5 13. Bxh7+ Kxh7 14. Qh5+ Kg8 15. Qxa5 Qh4 16. h3 Qe4 17. 0-0 Rfe8 18. Qc3 Re6 19. f3 Qh4 20. e4 Qg3 21. e5 Rxe5 22. dxe5 Bxe5 23. Qxc4 Qh2+ 24. Kf2 Bg3+ 25. Ke3 Qxg2 26. Kd4 c5+ 27. Kc3 b5 28. Qe4 b4+ 29. axb4 Rb8 30. Rd1 f6 31. Bf4 1-0

[Event "ESP Ronda op"]
[Site "Spain"]
[Date "1998.??.??"]
[Round "?"]
[White "Vinas Racionero, Josep Claudi"]
[Black "Serrano Aspa, Xavier"]
[Result "0-1"]
[WhiteElo "2065"]
[BlackElo "2140"]
[PlyCount "54"]
[EventDate "1998.??.??"]
[EventType "swiss"]
[EventRounds "9"]
[EventCountry "ESP"]
[SourceTitle "EXT 2003"]
[Source "ChessBase"]
[SourceDate "2002.11.25"]
[SourceVersion "1"]
[SourceVersionDate "2002.11.25"]
[SourceQuality "1"]

1. d4 Nf6 2. Nf3 e6 3. c4 Bb4+ 4. Nc3 c5 5. d5 Bxc3+ 6. bxc3 d6 7. Bg5 e5 8. Bxf6 Qxf6 9. e4 0-0 10. Be2 Nd7 11. Qd3 Qh6 12. 0-0 Nf6 13. Nd2 Bd7 14. Rab1 b6 15. Rfe1 g5 16. Bd1 g4 17. Re3 Nh5 18. g3 f5 19. Qf1 f4 20. gxf4 Nxf4 21. Kh1 Nh3 22. Re2 Kh8 23. f3 Nf4 24. fxg4 Nxe2 25. Qxe2 Rf4 26. Qd3 Raf8 27. Bf3 Qh3 0-1